Statistics for Famous People from British Columbia

Click here to take the quiz!

General Stats

  • This quiz has been taken 21 times
  • The average score is 7 of 15

Answer Stats

HintHometownCelebrity% Correct
'Call Me Maybe' singerMissionCarly Rae Jepsen
83%
'Back to the Future' actorBurnabyMichael J. Fox
83%
'Deadpool' actorVancouverRyan Reynolds
83%
'Baywatch' actress & modelLadysmithPamela Anderson
78%
'Haven't Met You Yet' singer
BurnabyMichael Bublé
56%
'Pineapple Express' stoner comedianVancouverSeth Rogan
56%
'Promiscuous' singerVictoriaNelly Furtado
50%
2x NBA MVPVictoriaSteve Nash
44%
'Stranger Things' actorVancouverFinn Wolfhard
39%
Japanese Canadian environmental activist & broadcasterVancouverDavid Suzuki
33%
Winningest goaltender in Canadiens historyVancouverCarey Price
28%
'How I Met Your Mother' actressWhite RockColbie Smulders
28%
'Lost' co-starAbbotsfordEvangeline Lilly
22%
'Room' & 'Luca' young actorVancouverJacob Tremblay
22%
'Sex and the City' actressCourtenayKim Cattrall
22%

Score Distribution

Percentile by Number Answered

Percent of People with Each Score

Your Score History

You have not taken this quiz